000 00693cam2a220019300 4500
001 tmp15573004
003 UPRA
005 20190822121321.0
008 950913s1937 bl bpor u
035 _a(Sirsi) r9095
035 _a(UPRA)tmp15573004
040 _cUPRA
100 1 _aGomes, Eug^enio, 1897-1972.
_dGomes, Eug^enio, 1897-1972.
_6A62180.1
245 1 0 _aD.H. Lawrence e outros.
260 _aP^orto Alegre :
_bEdicao da Livraria do Globo,
_c1937.
600 1 0 _aLawrence, D. H. (David Herbert), 1885-1930.
_qLawrence, D. H. (David Herbert), 1885-1930.
_dLawrence, D. H. (David Herbert), 1885-1930.
_6S4079.3
949 _aPR6023.A93
_wlcc
_i-514
_mMAIN
_tBOOK
_lON-SHELF
004 9095
999 _c134838
_d134838